Älteste Spieler von Bayern München in der Bundesliga (seit 2000) - Statistiken

Allgemein
  • Dieses Quiz wurde 252 mal gespielt
    94 seit der letzten Aktualisierung
  • Das Durchschnittsergebnis liegt bei 31 aus 50
Antwortstatistiken
Alter Jahr Nation Posi. Spieler % Korrekt
39 Jahre 2025 Deutschland TW Manuel Neuer
98%
38 Jahre 2008 Deutschland TW Oliver Kahn
93%
35 Jahre 2019 Niederlande MF Arjen Robben
90%
36 Jahre 2019 Frankreich MF Franck Ribéry
89%
33 Jahre 2022 Polen ST Robert Lewandowski
88%
35 Jahre 2025 Deutschland MF/ST Thomas Müller
88%
36 Jahre 2015 Peru ST Claudio Pizarro
84%
36 Jahre 2024 Deutschland TW Sven Ulreich
83%
31 Jahre 2025 England ST Harry Kane
80%
33 Jahre 2017 Deutschland VER Philipp Lahm
78%
35 Jahre 2017 Spanien MF Xabi Alonso
78%
37 Jahre 2012 Deutschland TW Hans Jörg Butt
77%
34 Jahre 2023 Schweiz TW Yann Sommer
77%
35 Jahre 2024 Kamerun ST Choupo-Moting
75%
36 Jahre 2014 Belgien VER Daniel Van Buyten
73%
32 Jahre 2009 Italien ST Luca Toni
73%
38 Jahre 2000 Deutschland VER Lothar Matthäus
72%
34 Jahre 2013 Ukraine MF Anatoliy Tymoshchuk
70%
31 Jahre 2025 England VER Eric Dier
70%
32 Jahre 2021 Spanien MF Javi Martinez
69%
36 Jahre 2017 Deutschland TW Tom Starke
69%
31 Jahre 2015 Brasilien VER Dante
67%
32 Jahre 2021 Deutschland VER Jérôme Boateng
66%
32 Jahre 2015 Spanien TW Pepe Reina
66%
36 Jahre 2006 Frankreich VER Bixente Lizarazu
64%
31 Jahre 2020 Kroatien MF Ivan Perisic
64%
32 Jahre 2012 Kroatien ST Ivica Olic
64%
33 Jahre 2019 Brasilien VER Rafinha
64%
34 Jahre 2009 Brasilien MF Zé Roberto
63%
31 Jahre 2025 Portugal VER Raphaël Guerreiro
61%
33 Jahre 2011 Niederlande MF Mark van Bommel
59%
32 Jahre 2007 Niederlande ST Roy Makaay
59%
31 Jahre 2023 Senegal VER Bouna Sarr
58%
32 Jahre 2011 Deutschland ST Miroslav Klose
58%
31 Jahre 2008 Frankreich VER Willy Sagnol
57%
36 Jahre 2007 Deutschland MF Mehmet Scholl
55%
33 Jahre 2002 Deutschland MF Stefan Effenberg
54%
31 Jahre 2003 Kroatien MF Niko Kovac
53%
31 Jahre 2005 Kroatien VER Robert Kovac
53%
32 Jahre 2023 Niederlande VER Daley Blind
46%
40 Jahre 2007 Deutschland TW Bernd Dreher
41%
32 Jahre 2009 Italien VER Massimo Oddo
39%
32 Jahre 2002 Schweiz MF Ciriaco Sforza
37%
32 Jahre 2002 Brasilien MF Paulo Sérgio
36%
35 Jahre 2005 Deutschland VER Thomas Linke
36%
32 Jahre 2006 Deutschland MF Jens Jeremies
33%
31 Jahre 2007 Frankreich VER Valérien Ismaël
31%
33 Jahre 2003 Deutschland VER Michael Tarnat
16%
35 Jahre 2003 Deutschland MF Thorsten Fink
16%
32 Jahre 2000 Deutschland MF Thomas Strunz
14%
Keine übereinstimmenden Quizze gefunden
Verteilung der Resultate
Anzahl Personen mit jedem Resultat
Perzentil nach korrekt beantworteten Fragen
Ihre Resultats-Entwicklung
Sie haben dieses Quiz seit der letzten Aktualisierung nicht gespielt